Statistics for panic! at the disco lyrics (for real fans)

Click here to take the quiz!

General Stats

  • This quiz has been taken 27 times
  • The average score is 8 of 15

Answer Stats

% Correct
Moonlighting aside, she really needs his moneybuild god then we'll talk
86%
I don't love you I'm just passing the timeshe had the world
86%
That's when you stu-stu-stutter something profoundnails for breakfast tacks for snacks
79%
Picture girls we want so badly/Isn't she a dream come true?all the boys
64%
Don't think I've ever used a day of my educationthe good the bad and the dirty
64%
Tiny bottles of shit wine in a tin can that climbsthe overpass
64%
I need a little sympathy/Disarm my insecuritiesturn off the lights
57%
It's such a mystery why you're herebittersweet
50%
I've got an insatiable desire for your insideskaleidoscope eyes
50%
In the backbone of night, I'm combustibleking of the clouds
36%
Cuckolds and concubinesmercenary
36%
Mom and dad/Looked me right between the eyescant fight against the youth
29%
One day I'll stop keeping tracki wanna be free
29%
I got a little closer/And offered her a drinkits almost halloween
14%
I fell from the heavens as a fetish blessed withnearly witches demo extended
7%

Score Distribution

Percentile by Number Answered

Percent of People with Each Score

Your Score History

You have not taken this quiz